MARC

LEADER 00000cam a2200000 7i4500
001 0000022468
005 20091105.0
008 081023 my a f may
040 |a INS 
090 0 0 |a M220 
110 1 |a Kursus sinergi modal insan   |k 2009 25 - 28 Mei   |c INSPEN, Bangi 
245 0 0 |a Kursus sinergi modal insan :   |b 25 - 28 Mei 2009   |c Anjuran Pusat Pembangunan Profesional dan Eksekutif, INSPEN 
260 |a Bangi :   |b Institut Penilaian Negara ,   |c 2009 
300 |a 1v. ( Mukasurat pelbagai ) :   |b ill. ;   |c 30 cm. 
500 |a Untuk paparan lengkap sila rujuk kaunter perpustakaan 
650 0 0 |a Human capital 
650 0 0 |a Self-confidence 
650 0 0 |a Self-esteam 
710 1 |a INSPEN ( Institut Penilaian Negara ) 
856 |u http://app.inspen.gov.my:7779/pls/portal/docs/PAGE/CORPORATEPAGES/PORTAL_INSPEN/NOTA_KURSUS/MANAGEMENT/SKMBT_C45109092517050.PDF 
999 |a M000000455   |b BOOK   |c Course Notes   |e Default branch 
999 |a M000000456   |b BOOK   |c Course Notes   |e Default branch 
999 |a M000000457   |b BOOK   |c Course Notes   |e Default branch